Challenges to the financing of small and medium enterprises (SME) in Bulgaria under the conditions of eurointegration

Charakteristika hlavných dimenzií poskytovania finančnej podpory a podnikateľských úverov pre malé a stredné podniky v Bulharsku. Prehľad používaných finančných postupov pri podporných podnikateľských programoch z Európskej únie pre malé podniky. Swot analýza hlavných finančných nástrojov a inštitúc...

Full description

Saved in:
Bibliographic Details
Main Author: Petrov, Dancho
Format: Book Chapter
Language:English
Subjects:
Tags: Add Tag
No Tags, Be the first to tag this record!

MARC

LEADER 00000naa$a2200000$$$4500
001 0037732
005 20231005084444.3
041 0 |a eng 
044 |a SK 
245 1 0 |a Challenges to the financing of small and medium enterprises (SME) in Bulgaria under the conditions of eurointegration  |c Dancho Petrov 
520 |a Charakteristika hlavných dimenzií poskytovania finančnej podpory a podnikateľských úverov pre malé a stredné podniky v Bulharsku. Prehľad používaných finančných postupov pri podporných podnikateľských programoch z Európskej únie pre malé podniky. Swot analýza hlavných finančných nástrojov a inštitúcií. 
610 2 0 |a podnik malý 
610 2 0 |a podnik stredný 
610 2 0 |a financovanie podnikov 
610 2 0 |a integrácia ekonomická 
610 2 0 |a Bulharsko 
610 2 0 |a podpora podnikania 
610 2 0 |a programy rozvojové 
610 2 0 |a nástroje finančné 
610 2 0 |a analýza swot 
100 1 |a Petrov, Dancho